000 00623nam a2200193 i 4500
001 173366
003 ES-MaACL
005 20230906215225.0
008 091127s1980 sp |||| | spa d
080 _a972.95"18/19"(04)
080 _a32(729.5)"18/19"
100 1 _aSánchez Tarniella, Andrés.
_9102946
245 1 0 _aNuevo enfoque sobre el desarrollo político de Puerto Rico /
_cAndrés Sánchez Tarnella.
250 _a4ª ed. rev.
260 _aRío Piedras, Puerto Rico :
_bBayoán,
_c1980.
300 _a189 p. ;
_c21 cm.
651 _aPuerto Rico-
_xPolítica y gobierno.
_99287
852 _aES-MaACL
_jC-57030
999 _c173366
_d173366